000
00308nam a2200133Ia 4500
008
190723s9999 xx 000 0 und d
020
_a
978-1-4886-1092-9
100
_a
Arthur J. Keown
245
0
_a
Personal Finance
250
_a
6th
260
_a
Australia
_b
Pearson
_c
2015
300
_a
609.:p
942
_c
BK
999
_c
1903
_d
1903